[Event "ODJM A 2019"]
[Site "Willingen GER"]
[Date "2019.06.10"]
[Round "3"]
[White "Struck, Lasse"]
[Black "Nasoyan, Maksim"]
[Result "0-1"]
[Termination "normal"]
[Board "32"]
[WhiteElo "1770"]
[BlackElo "1878"]
[PlyCount "86"]
[WhiteFideId "16255623"]
[BlackFideId "16220331"]
[EventCountry "GER"]
[EventRounds "9"]
[EventType "swiss"]
[EventDate "2019.06.08"]

1. e4 e5 2. Nf3 Nc6 3. Bb5 a6 4. Ba4 Nf6 5. O-O b5 6. Bb3 Be7 7. Re1 O-O 8. d3
d6 9. c3 Na5 10. Bc2 c5 11. d4 Bg4 12. d5 c4 13. Nbd2 Re8 14. Nf1 Bf8 15. h3
Bxf3 16. Qxf3 Nd7 17. Ng3 g6 18. Be3 Nb7 19. a4 Nbc5 20. Qg4 Bg7 21. Ra3 h5 22.
Qe2 Qc7 23. Rea1 Qb7 24. Nf1 Kh7 25. g4 hxg4 26. hxg4 f6 27. f3 Kg8 28. Ng3 Kf7
29. Kf2 Ke7 30. Ke1 b4 31. cxb4 Qxb4+ 32. Bd2 Qxb2 33. Bc3 Qb6 34. a5 Qa7 35.
Nf1 Bh6 36. Nd2 Bxd2+ 37. Kxd2 Rh8 38. Rb1 Rh7 39. Qxc4 Rh2+ 40. Kc1 g5 41. Ra2
Rah8 42. Bb3 Nxb3+ 43. Qxb3 Qg1+ 0-1

[Event "ODJM A 2019"]
[Site "Willingen GER"]
[Date "2019.06.10"]
[Round "3"]
[White "Jenner, Meikel"]
[Black "Muckle, Richard"]
[Result "0-1"]
[Termination "normal"]
[Board "33"]
[WhiteElo "1797"]
[BlackElo "2057"]
[PlyCount "144"]
[WhiteFideId "16245342"]
[BlackFideId "12942553"]
[EventCountry "GER"]
[EventRounds "9"]
[EventType "swiss"]
[EventDate "2019.06.08"]

1. e4 e6 2. d4 d5 3. Nd2 dxe4 4. Nxe4 Be7 5. Bd3 Nf6 6. Nf3 Bd7 7. O-O Nxe4 8.
Bxe4 Bc6 9. Qe2 Bxe4 10. Qxe4 Nc6 11. c3 Qd7 12. Bf4 Bf6 13. b4 a6 14. a4 O-O
15. Rad1 Rfd8 16. Rd3 Rac8 17. Rfd1 Qd5 18. Qxd5 Rxd5 19. Ne5 Bxe5 20. Bxe5 Kf8
21. Kf1 Nxe5 22. dxe5 Rxe5 23. g4 Ke8 24. f3 a5 25. Kf2 b5 26. axb5 axb4 27.
cxb4 Rxb5 28. Rd4 c6 29. Rc4 Rd5 30. Rdc1 Kd7 31. Ke3 Rc7 32. h3 Kd6 33. Ke4
Rb5 34. Rd1+ Ke7 35. Rdc1 Kd7 36. Ke3 Rb6 37. Kd4 Kc8 38. b5 Rd7+ 39. Ke4 Rxb5
40. Rxc6+ Kd8 41. Rc8+ Ke7 42. R1c4 Rb1 43. Rc1 Rbb7 44. R1c5 Rb4+ 45. Rc4 Rbb7
46. R4c5 h6 47. h4 Kf6 48. R8c6 Rd1 49. Rc1 Rb4+ 50. R1c4 Re1+ 51. Kf4 g5+ 52.
hxg5+ hxg5+ 53. Kg3 Rbb1 54. Rc2 Rbd1 55. R6c3 Ke5 56. Rc5+ Rd5 57. R5c3 f5 58.
gxf5 exf5 59. Rc8 f4+ 60. Kf2 Rh1 61. Re2+ Kf5 62. Rf8+ Kg6 63. Kg2 Rh7 64.
Rg8+ Kh5 65. Ra8 Rd3 66. Ra5 Rb7 67. Rae5 Rbb3 68. Rf2 Rd1 69. Re8 Rbb1 70.
Rh8+ Kg6 71. Rh2 Rg1+ 72. Kh3 Rg3# 0-1

[Event "ODJM A 2019"]
[Site "Willingen GER"]
[Date "2019.06.10"]
[Round "3"]
[White "Kemper, Yannick"]
[Black "Kracht, Raphael"]
[Result "0-1"]
[Termination "normal"]
[Board "34"]
[WhiteElo "1856"]
[BlackElo "1976"]
[PlyCount "50"]
[WhiteFideId "12977470"]
[BlackFideId "16214382"]
[EventCountry "GER"]
[EventRounds "9"]
[EventType "swiss"]
[EventDate "2019.06.08"]

1. e4 e5 2. Nf3 Nc6 3. d4 exd4 4. Nxd4 Nf6 5. Nxc6 bxc6 6. e5 Qe7 7. Qe2 Nd5 8.
c4 Ba6 9. Nd2 g6 10. Nf3 Bg7 11. Bg5 f6 12. exf6 Qxe2+ 13. Bxe2 Nxf6 14. O-O-O
d6 15. Rhe1 O-O 16. Bd3 Rae8 17. Nd4 Ng4 18. Ne6 Nxf2 19. Rd2 Nxd3+ 20. Rxd3
Rxe6 21. Rxe6 Bxc4 22. Rde3 Bxe6 23. Rxe6 Rf1+ 24. Kc2 Rf2+ 25. Kd3 Rxg2 0-1

[Event "ODJM A 2019"]
[Site "Willingen GER"]
[Date "2019.06.10"]
[Round "3"]
[White "Gluma, Christian"]
[Black "Meiwes, Thore"]
[Result "0-1"]
[Termination "normal"]
[Board "36"]
[WhiteElo "1741"]
[BlackElo "1933"]
[PlyCount "92"]
[WhiteFideId "16223209"]
[BlackFideId "16201256"]
[EventCountry "GER"]
[EventRounds "9"]
[EventType "swiss"]
[EventDate "2019.06.08"]

1. e4 c5 2. Nf3 d6 3. d4 cxd4 4. Nxd4 Nf6 5. Nc3 g6 6. Be2 Bg7 7. Be3 O-O 8.
O-O Nc6 9. Qd2 Ng4 10. Bxg4 Bxg4 11. f4 Nxd4 12. Bxd4 e5 13. fxe5 dxe5 14. Be3
Qxd2 15. Bxd2 Rac8 16. Be3 a6 17. a4 Rc4 18. Rf2 Be6 19. a5 Rfc8 20. Rc1 Bf8
21. Nd5 Bxd5 22. exd5 Bc5 23. Re1 Rxc2 24. Bxc5 R8xc5 25. Rxe5 Rc1+ 26. Rf1
Rxf1+ 27. Kxf1 Rxa5 28. Re7 Rxd5 29. Rxb7 Rf5+ 30. Ke2 Rb5 31. Rxb5 axb5 32. b4
Kf8 33. Kd3 Ke7 34. Ke3 Ke6 35. Ke4 h5 36. Kd4 Kd6 37. h4 f6 38. Ke4 Kc6 39.
Kd4 g5 40. g3 Kd6 41. Ke4 Ke6 42. Kd4 gxh4 43. gxh4 f5 44. Ke3 Ke5 45. Kf3 f4
46. Kf2 Ke4 0-1

[Event "ODJM A 2019"]
[Site "Willingen GER"]
[Date "2019.06.10"]
[Round "3"]
[White "Kamp, Adrian"]
[Black "Bosselmann, Tom Linus"]
[Result "1/2-1/2"]
[Termination "normal"]
[Board "37"]
[WhiteElo "1865"]
[BlackElo "1963"]
[PlyCount "71"]
[WhiteFideId "16222466"]
[BlackFideId "12983845"]
[EventCountry "GER"]
[EventRounds "9"]
[EventType "swiss"]
[EventDate "2019.06.08"]

1. e4 Nf6 2. e5 Nd5 3. d4 d6 4. c4 Nb6 5. exd6 cxd6 6. Be3 g6 7. Qd2 Nc6 8. Bh6
Bf5 9. Bxf8 Rxf8 10. Nc3 Qd7 11. Nf3 Qe6+ 12. Qe3 Nb4 13. Qxe6 Bxe6 14. d5 Bf5
15. Nd4 Nc2+ 16. Nxc2 Bxc2 17. Rc1 Bf5 18. Nb5 Kd7 19. Be2 Rfc8 20. O-O g5 21.
Nd4 e6 22. Nxf5 exf5 23. Bd3 Ke7 24. f4 g4 25. Bxf5 Rxc4 26. Rxc4 Nxc4 27. Bxg4
Kf6 28. Rc1 Nxb2 29. Rc7 Nd3 30. g3 Nxf4 31. gxf4 Rg8 32. Kf2 Rxg4 33. Kf3 Rh4
34. Kg3 Rh5 35. Rxb7 Rxd5 36. Rxa7 1/2-1/2

[Event "ODJM A 2019"]
[Site "Willingen GER"]
[Date "2019.06.10"]
[Round "3"]
[White "Bajorski, Marius"]
[Black "Klugstedt, Vincent C."]
[Result "1/2-1/2"]
[Termination "normal"]
[Board "38"]
[WhiteElo "1967"]
[BlackElo "1827"]
[PlyCount "60"]
[WhiteFideId "12938831"]
[BlackFideId "16216393"]
[EventCountry "GER"]
[EventRounds "9"]
[EventType "swiss"]
[EventDate "2019.06.08"]

1. e4 c5 2. Nf3 Nc6 3. Bb5 g6 4. Bxc6 bxc6 5. d3 Bg7 6. O-O e5 7. Nbd2 Ne7 8.
Nc4 d6 9. Be3 O-O 10. Qd2 f5 11. Bh6 Ba6 12. Bxg7 Kxg7 13. exf5 Nxf5 14. Qg5
Bxc4 15. dxc4 Nd4 16. Nxd4 Qxg5 17. Ne6+ Kf6 18. Nxg5 Kxg5 19. Rad1 Rad8 20.
Rd3 Rf4 21. b3 Kf5 22. f3 Rd4 23. Rfd1 d5 24. cxd5 cxd5 25. Kf2 Rd6 26. Ke3
Rxd3+ 27. cxd3 Ra6 28. Rd2 Ra3 29. Rc2 Ke6 30. f4 c4 1/2-1/2

[Event "ODJM A 2019"]
[Site "Willingen GER"]
[Date "2019.06.10"]
[Round "3"]
[White "Jurga, Jonas Vincent"]
[Black "Gallasch, Robin"]
[Result "1-0"]
[Termination "normal"]
[Board "39"]
[WhiteElo "1879"]
[BlackElo "1889"]
[PlyCount "87"]
[WhiteFideId "12968013"]
[BlackFideId "16222423"]
[EventCountry "GER"]
[EventRounds "9"]
[EventType "swiss"]
[EventDate "2019.06.08"]

1. e4 c6 2. d4 d5 3. e5 c5 4. dxc5 e6 5. Nf3 Bxc5 6. Bd3 Ne7 7. a3 Ng6 8. O-O
O-O 9. b4 Bb6 10. Re1 a5 11. Bb2 Qe7 12. Nbd2 Rd8 13. b5 Nd7 14. a4 Nc5 15. Ba3
f6 16. Bxg6 hxg6 17. Nb3 Qc7 18. Bxc5 Bxc5 19. Qd3 f5 20. Nxc5 Qxc5 21. Ng5 Qe7
22. f4 Kf8 23. Rad1 b6 24. Re3 Ke8 25. Rh3 Kd7 26. Nf3 Bb7 27. Rg3 Rac8 28.
Rxg6 Qf7 29. Rg3 Rc5 30. Nd4 Rdc8 31. Rg5 Rc3 32. Qe2 R3c4 33. Rxf5 Qe7 34. Rg5
Rxa4 35. Qg4 Rf8 36. Rg6 Rxd4 37. Rxd4 Qc5 38. f5 Qxc2 39. Rxe6 Qc1+ 40. Rd1
Qe3+ 41. Kh1 g5 42. fxg6 Rc8 43. Rc6+ Ke7 44. Qe6+ 1-0

[Event "ODJM A 2019"]
[Site "Willingen GER"]
[Date "2019.06.10"]
[Round "3"]
[White "Rothenberg, Jannik"]
[Black "Flach, Helene"]
[Result "1-0"]
[Termination "normal"]
[Board "40"]
[WhiteElo "1795"]
[BlackElo "1829"]
[PlyCount "143"]
[WhiteFideId "16204743"]
[BlackFideId "12929735"]
[EventCountry "GER"]
[EventRounds "9"]
[EventType "swiss"]
[EventDate "2019.06.08"]

1. d4 d5 2. c4 e6 3. Nc3 Be7 4. cxd5 exd5 5. Qc2 c6 6. Bf4 Nf6 7. e3 O-O 8. Bd3
Nbd7 9. Nf3 Re8 10. h3 Nf8 11. O-O g6 12. Rab1 Ne6 13. Bh2 Ng7 14. b4 a6 15.
Na4 Bf5 16. Ne5 Bxd3 17. Nxd3 Nf5 18. Nac5 Bxc5 19. bxc5 Re7 20. Rb6 Ne4 21.
Rfb1 Ra7 22. Ne5 Kg7 23. R6b3 f6 24. Nf3 Nh6 25. Nd2 Nxd2 26. Qxd2 Nf7 27. h4
h5 28. Qe2 Qc8 29. Qf3 Nd8 30. Qf4 Ra8 31. R1b2 Rd7 32. g4 hxg4 33. Qxg4 Re7
34. f3 Qxg4+ 35. fxg4 Rc8 36. Kf2 Re4 37. Kf3 Kf7 38. Bg3 Ke8 39. h5 g5 40. Rh2
Re7 41. Rb1 Ne6 42. Bd6 Rf7 43. Rhb2 Nd8 44. e4 Kd7 45. Ke3 Ra8 46. Rf2 dxe4
47. Kxe4 Ke6 48. Re1 b5 49. Kd3+ Kd7 50. Rfe2 Ra7 51. Re7+ Kc8 52. h6 Rd7 53.
Rxf7 Nxf7 54. h7 Kd8 55. Rh1 Nh8 56. Ke4 Rf7 57. Kf5 Kd7 58. Rh6 a5 59. Rxf6
Rxh7 60. Kxg5 Rg7+ 61. Kf5 Nf7 62. Bf4 b4 63. Bd2 a4 64. Bxb4 Nd8 65. g5 Nf7
66. Bd2 Nd8 67. g6 Re7 68. Bg5 Ne6 69. Rf7 Nxd4+ 70. Kf6 Rxf7+ 71. gxf7 Ne6 72.
Bh6 1-0

[Event "ODJM A 2019"]
[Site "Willingen GER"]
[Date "2019.06.10"]
[Round "3"]
[White "Isler, Benjamin"]
[Black "Paeslack, Luis"]
[Result "0-1"]
[Termination "normal"]
[Board "41"]
[WhiteElo "1946"]
[BlackElo "2014"]
[PlyCount "57"]
[WhiteFideId "12975478"]
[BlackFideId "12987760"]
[EventCountry "GER"]
[EventRounds "9"]
[EventType "swiss"]
[EventDate "2019.06.08"]

1. e4 c5 2. d4 cxd4 3. c3 dxc3 4. Nxc3 Nc6 5. Nf3 e6 6. Bc4 a6 7. Qe2 b5 8. Bb3
Bb7 9. O-O Nge7 10. Bg5 Na5 11. Bd5 f6 12. Bf4 Ng6 13. Bg3 exd5 14. exd5+ Kf7
15. d6 Nc4 16. Ne4 Qe8 17. Rae1 Qxe4 18. Qxe4 Bxe4 19. Rxe4 Bxd6 20. Bxd6 Nxd6
21. Rd4 Nf5 22. Rxd7+ Nfe7 23. Rfd1 Rhc8 24. Nd4 Ne5 25. Rb7 Rd8 26. Kf1 Rd7
27. Rxd7 Nxd7 28. Nxb5 axb5 29. Rxd7 0-1

[Event "ODJM A 2019"]
[Site "Willingen GER"]
[Date "2019.06.10"]
[Round "3"]
[White "Pahl, Theis"]
[Black "Martin, Richard"]
[Result "1/2-1/2"]
[Termination "normal"]
[Board "42"]
[WhiteElo "2029"]
[BlackElo "1951"]
[PlyCount "59"]
[WhiteFideId "16201264"]
[BlackFideId "12925691"]
[EventCountry "GER"]
[EventRounds "9"]
[EventType "swiss"]
[EventDate "2019.06.08"]

1. e4 e6 2. d4 d5 3. Nc3 dxe4 4. Nxe4 Nd7 5. Bd3 Ngf6 6. Qe2 Be7 7. Nf3 Nxe4 8.
Bxe4 Nf6 9. Bxb7 Bxb7 10. Qb5+ Qd7 11. Qxb7 O-O 12. O-O a5 13. Qb3 a4 14. Qd3
a3 15. b3 c5 16. dxc5 Qxd3 17. cxd3 Bxc5 18. d4 Bb4 19. Bd2 Nd5 20. Rfc1 Rfc8
21. Rc4 Rxc4 22. bxc4 Bxd2 23. Nxd2 Nc3 24. Kf1 Rb8 25. c5 e5 26. d5 Nxd5 27.
Nc4 Rc8 28. Rd1 Nb4 29. Nxe5 f6 30. Nc4 1/2-1/2

[Event "ODJM A 2019"]
[Site "Willingen GER"]
[Date "2019.06.10"]
[Round "3"]
[White "Kesselmeier, Kevin"]
[Black "Fröhlich, Franziska"]
[Result "1/2-1/2"]
[Termination "normal"]
[Board "43"]
[WhiteElo "1937"]
[BlackElo "1820"]
[PlyCount "79"]
[WhiteFideId "16217551"]
[BlackFideId "12988596"]
[EventCountry "GER"]
[EventRounds "9"]
[EventType "swiss"]
[EventDate "2019.06.08"]

1. e4 e6 2. d4 d5 3. Nc3 Bb4 4. e5 c5 5. a3 Bxc3+ 6. bxc3 Ne7 7. Qg4 Qc7 8.
Qxg7 Rg8 9. Qxh7 cxd4 10. Ne2 Nbc6 11. f4 dxc3 12. Qd3 d4 13. Nxd4 Nxd4 14.
Qxd4 Bd7 15. Qf2 Qc6 16. Be3 Nd5 17. h4 O-O-O 18. Rb1 Qa4 19. Rb3 Bc6 20. Rh3
Qe4 21. Bd3 Qxg2 22. Qxg2 Rxg2 23. Be4 Nxe3 24. Rxe3 Bxe4 25. Rxe4 Rh2 26.
Rxc3+ Kd7 27. Rec4 Rxh4 28. Rc7+ Ke8 29. Rxb7 Rxf4 30. Rcc7 a5 31. Ra7 Re4+ 32.
Kf2 Rxe5 33. Re7+ Kf8 34. Rxf7+ Kg8 35. Rg7+ Kh8 36. Rh7+ Kg8 37. Rag7+ Kf8 38.
Rg6 Rd2+ 39. Kg3 Rxc2 40. Rf6+ 1/2-1/2

[Event "ODJM A 2019"]
[Site "Willingen GER"]
[Date "2019.06.10"]
[Round "3"]
[White "Leser, Stefan"]
[Black "Bender, Felix"]
[Result "0-1"]
[Termination "normal"]
[Board "44"]
[WhiteElo "1779"]
[BlackElo "1678"]
[PlyCount "102"]
[WhiteFideId "12997706"]
[BlackFideId "16215656"]
[EventCountry "GER"]
[EventRounds "9"]
[EventType "swiss"]
[EventDate "2019.06.08"]

1. e4 e5 2. Nf3 Nc6 3. Bb5 a6 4. Ba4 Nf6 5. O-O Be7 6. Re1 b5 7. Bb3 O-O 8. c3
d6 9. h3 Na5 10. Bc2 c5 11. d4 Qc7 12. Nbd2 Re8 13. Nf1 Nc4 14. a4 Bb7 15. b3
Nb6 16. a5 Nbd7 17. Ng3 Bf8 18. Bb2 g6 19. h4 Bg7 20. h5 exd4 21. cxd4 Rac8 22.
Bd3 c4 23. bxc4 bxc4 24. Rc1 Qxa5 25. Bxc4 d5 26. Bc3 Qd8 27. Ba2 dxe4 28. Ng5
Bd5 29. Bxd5 Nxd5 30. N5xe4 Nxc3 31. Nxc3 Rxe1+ 32. Qxe1 Bxd4 33. h6 Qg5 34.
Nge4 Qxh6 35. Qd1 Nf6 36. Nxf6+ Bxf6 37. Qe1 Qf4 38. g3 Qe5 39. Ne4 Rxc1 40.
Nxf6+ Qxf6 41. Qxc1 Kg7 42. Qa3 h6 43. Kg2 Kh7 44. Qa2 Qe6 45. Qa5 Qc6+ 46. Kg1
Qb5 47. Qc7 Qd5 48. Qc8 a5 49. Kf1 Qd1+ 50. Kg2 a4 51. Qc4 Qb3 0-1

[Event "ODJM A 2019"]
[Site "Willingen GER"]
[Date "2019.06.10"]
[Round "3"]
[White "Weimert, Miriam"]
[Black "Pepi, Lucas"]
[Result "0-1"]
[Termination "normal"]
[Board "45"]
[WhiteElo "1903"]
[BlackElo "1918"]
[PlyCount "92"]
[WhiteFideId "12966703"]
[BlackFideId "12944920"]
[EventCountry "GER"]
[EventRounds "9"]
[EventType "swiss"]
[EventDate "2019.06.08"]

1. e4 e5 2. Nf3 Nc6 3. Bc4 Bc5 4. O-O Nf6 5. d3 O-O 6. c3 d5 7. exd5 Nxd5 8.
Bb5 Nde7 9. Nbd2 a6 10. Bxc6 Nxc6 11. Nb3 Bb6 12. Be3 Bxe3 13. fxe3 e4 14. Nfd4
exd3 15. Nxc6 bxc6 16. Qf3 Qd6 17. Nd4 Rb8 18. Rf2 c5 19. Nf5 Bxf5 20. Qxf5 c4
21. Raf1 Qe6 22. Qf4 Rb7 23. Rd2 Re8 24. Rf3 c5 25. Rg3 g6 26. Rf3 Reb8 27.
Rff2 a5 28. Qg5 f5 29. Qf4 a4 30. a3 Re8 31. Rf3 Qe4 32. Qd6 Reb8 33. Qxc5 Rxb2
34. Rxb2 Rxb2 35. Qc8+ Kf7 36. Qd7+ Kf6 37. Qd6+ Qe6 38. Qd4+ Ke7 39. Qg7+ Kd6
40. Qd4+ Qd5 41. Qf6+ Kc7 42. Qe7+ Kb6 43. Qf6+ Ka5 44. Qe7 Rb7 45. Qe8 Rb1+
46. Kf2 d2 0-1

[Event "ODJM A 2019"]
[Site "Willingen GER"]
[Date "2019.06.10"]
[Round "3"]
[White "Kratz, Alexander"]
[Black "Matthes, Aaron"]
[Result "1-0"]
[Termination "normal"]
[Board "46"]
[WhiteElo "1741"]
[BlackElo "1791"]
[PlyCount "63"]
[WhiteFideId "16228529"]
[BlackFideId "16227310"]
[EventCountry "GER"]
[EventRounds "9"]
[EventType "swiss"]
[EventDate "2019.06.08"]

1. e4 e6 2. d4 d5 3. exd5 exd5 4. Nf3 Bd6 5. c4 dxc4 6. Bxc4 Ne7 7. Ng5 Bb4+ 8.
Nc3 Rf8 9. Nxh7 Rh8 10. Ng5 Nd5 11. Qe2+ Kf8 12. Qf3 Qe7+ 13. Kf1 Bxc3 14. bxc3
c6 15. a4 Kg8 16. Bxd5 cxd5 17. Qxd5 Nc6 18. Ba3 Qf6 19. Re1 Bf5 20. Ne4 Qg6
21. Nd6 Bd3+ 22. Kg1 Rd8 23. Qf3 Rh5 24. h4 Bc2 25. Rh3 Bxa4 26. Rg3 Qh6 27.
Nxf7 Qd2 28. Qxh5 Qxe1+ 29. Kh2 Bc2 30. Nh6+ Kh8 31. Nf5+ Kg8 32. Rxg7# 1-0

[Event "ODJM A 2019"]
[Site "Willingen GER"]
[Date "2019.06.11"]
[Round "4"]
[White "Terhuven, Patrick"]
[Black "Savchenko, Daniel"]
[Result "1/2-1/2"]
[Termination "normal"]
[Board "1"]
[WhiteElo "2192"]
[BlackElo "2119"]
[WhiteClock "00:05:26"]
[BlackClock "00:09:44"]
[PlyCount "180"]
[WhiteFideId "12919098"]
[BlackFideId "12919195"]
[EventCountry "GER"]
[EventRounds "9"]
[EventType "swiss"]
[EventDate "2019.06.08"]

1. d4 {[%clk 1:30:58]} 1... d5 {[%clk 1:30:47]} 2. Nf3 {[%clk 1:31:13]} 2... e6
{[%clk 1:31:07]} 3. c4 {[%clk 1:31:27]} 3... Nf6 {[%clk 1:31:28]} 4. g3 { [%clk
1:31:49]} 4... Be7 {[%clk 1:31:49]} 5. Bg2 {[%clk 1:32:12]} 5... O-O { [%clk
1:32:08]} 6. O-O {[%clk 1:32:31]} 6... c6 {[%clk 1:32:30]} 7. Qc2 { [%clk
1:32:27]} 7... b6 {[%clk 1:32:33]} 8. Rd1 {[%clk 1:30:38]} 8... Bb7 { [%clk
1:30:24]} 9. Nc3 {[%clk 1:27:46]} 9... Nbd7 {[%clk 1:28:12]} 10. e4 { [%clk
1:27:05]} 10... Rc8 {[%clk 1:27:45]} 11. e5 {[%clk 1:25:14]} 11... Ne8 { [%clk
1:28:03]} 12. h4 {[%clk 1:19:00]} 12... h6 {[%clk 1:27:07]} 13. Bf4 { [%clk
1:14:59]} 13... Ba6 {[%clk 1:22:01]} 14. cxd5 {[%clk 1:11:14]} 14... cxd5
{[%clk 1:20:50]} 15. Qa4 {[%clk 1:03:28]} 15... Nc7 {[%clk 1:19:57]} 16. Rac1
16... Nb8 {[%clk 1:09:40]} 17. Ne1 {[%clk 0:51:27]} 17... Qd7 {[%clk 1:08:27]}
18. Bf1 {[%clk 0:45:30]} 18... Bxf1 {[%clk 1:04:30]} 19. Kxf1 {[%clk 0:45:37]}
19... Qxa4 {[%clk 1:02:56]} 20. Nxa4 {[%clk 0:46:05]} 20... Nb5 {[%clk 1:02:22]
} 21. Be3 {[%clk 0:44:13]} 21... Nc6 {[%clk 0:54:15]} 22. Nc3 {[%clk 0:38:02]}
22... Nc7 {[%clk 0:45:08]} 23. Nf3 {[%clk 0:28:00]} 23... Na5 {[%clk 0:44:29]}
24. Nd2 {[%clk 0:27:51]} 24... b5 {[%clk 0:35:49]} 25. a4 {[%clk 0:19:53]}
25... a6 {[%clk 0:33:36]} 26. axb5 {[%clk 0:19:09]} 26... axb5 {[%clk 0:33:50]}
27. Ra1 {[%clk 0:18:32]} 27... Ra8 {[%clk 0:33:52]} 28. Rdc1 {[%clk 0:15:46]}
28... Bb4 {[%clk 0:27:14]} 29. Nce4 {[%clk 0:12:08]} 29... Na6 {[%clk 0:20:35]}
30. Nd6 {[%clk 0:10:29]} 30... Bxd2 {[%clk 0:20:08]} 31. Bxd2 {[%clk 0:10:50]}
31... Nb3 {[%clk 0:20:29]} 32. Rd1 {[%clk 0:09:42]} 32... Nxa1 {[%clk 0:20:50]}
33. Rxa1 {[%clk 0:10:10]} 33... b4 {[%clk 0:18:53]} 34. b3 {[%clk 0:09:16]}
34... Rfb8 {[%clk 0:18:53]} 35. Rc1 {[%clk 0:08:33]} 35... Ra7 {[%clk 0:18:58]}
36. Rc6 {[%clk 0:08:10]} 36... Nc7 {[%clk 0:17:40]} 37. Rc5 {[%clk 0:07:27]}
37... Kf8 {[%clk 0:14:55]} 38. g4 {[%clk 0:07:11]} 38... Ne8 {[%clk 0:14:40]}
39. Nb5 {[%clk 0:04:55]} 39... Rab7 {[%clk 0:14:57]} 40. Nd6 {[%clk 0:04:46]}
40... Rb6 {[%clk 0:11:51]} 41. Bf4 {[%clk 0:04:13]} 41... Ra6 {[%clk 0:11:27]}
42. Bd2 {[%clk 0:03:27]} 42... Ke7 {[%clk 0:07:21]} 43. Nb5 {[%clk 0:02:38]}
43... Rab6 {[%clk 0:05:28]} 44. Nd6 {[%clk 0:29:47]} 44... Nxd6 {[%clk 0:33:48]
} 45. exd6+ {[%clk 0:30:06]} 45... Kf8 {[%clk 0:31:29]} 46. Bf4 {[%clk 0:26:30]
} 46... R6b7 {[%clk 0:30:08]} 47. g5 {[%clk 0:24:14]} 47... hxg5 { [%clk
0:29:06]} 48. hxg5 {[%clk 0:24:25]} 48... Ra8 {[%clk 0:28:27]} 49. Be5 { [%clk
0:23:57]} 49... g6 {[%clk 0:27:25]} 50. Kg2 {[%clk 0:23:14]} 50... Ke8 { [%clk
0:27:47]} 51. Rc1 {[%clk 0:22:19]} 51... Kd7 {[%clk 0:27:50]} 52. Rh1 { [%clk
0:22:12]} 52... Ra3 {[%clk 0:26:48]} 53. Rh3 {[%clk 0:21:55]} 53... Kc6 { [%clk
0:25:31]} 54. Rf3 {[%clk 0:21:36]} 54... Ra2 {[%clk 0:25:38]} 55. Rh3 { [%clk
0:20:57]} 55... Rb2 {[%clk 0:23:59]} 56. Kf1 {[%clk 0:20:41]} 56... Ra7 { [%clk
0:23:48]} 57. Kg2 {[%clk 0:20:08]} 57... Rb7 {[%clk 0:21:41]} 58. Kf1 { [%clk
0:18:03]} 58... Rc2 {[%clk 0:20:56]} 59. Rh8 {[%clk 0:17:43]} 59... Rc3 { [%clk
0:21:11]} 60. Rc8+ {[%clk 0:16:25]} 60... Kb6 {[%clk 0:21:31]} 61. Re8 { [%clk
0:16:30]} 61... Rxb3 {[%clk 0:21:17]} 62. Re7 {[%clk 0:16:46]} 62... Ra3 {[%clk
0:21:26]} 63. d7 {[%clk 0:16:30]} 63... Rxd7 {[%clk 0:17:41]} 64. Rxd7 { [%clk
0:16:41]} 64... b3 {[%clk 0:18:05]} 65. Rd6+ {[%clk 0:13:23]} 65... Kb5 { [%clk
0:18:10]} 66. Rd8 {[%clk 0:13:32]} 66... Ra6 {[%clk 0:16:44]} 67. Bc7 { [%clk
0:13:26]} 67... Kc6 {[%clk 0:13:07]} 68. Rb8 {[%clk 0:11:08]} 68... Kxc7 {[%clk
0:13:32]} 69. Rxb3 {[%clk 0:11:35]} 69... Ra4 {[%clk 0:12:42]} 70. Rf3 { [%clk
0:10:27]} 70... Rxd4 {[%clk 0:13:03]} 71. Rxf7+ {[%clk 0:10:53]} 71... Kd6
{[%clk 0:13:21]} 72. Rf6 {[%clk 0:10:50]} 72... Ke5 {[%clk 0:13:23]} 73. Rxg6
{[%clk 0:09:46]} 73... Re4 {[%clk 0:12:05]} 74. f3 {[%clk 0:08:08]} 74... Rf4
{[%clk 0:11:50]} 75. Kf2 {[%clk 0:08:23]} 75... d4 {[%clk 0:12:05]} 76. Ke2
{[%clk 0:06:54]} 76... Rf7 {[%clk 0:08:00]} 77. Rg8 {[%clk 0:05:31]} 77... Kf5
{[%clk 0:07:42]} 78. g6 {[%clk 0:04:23]} 78... Rd7 {[%clk 0:07:56]} 79. g7 {
[%clk 0:04:15]} 79... Kf6 {[%clk 0:08:01]} 80. Kd3 {[%clk 0:04:18]} 80... e5 {
[%clk 0:08:20]} 81. Rf8+ {[%clk 0:03:15]} 81... Kxg7 {[%clk 0:08:42]} 82. Rf5 {
[%clk 0:03:38]} 82... Re7 {[%clk 0:09:00]} 83. Ke4 {[%clk 0:03:31]} 83... Kg6 {
[%clk 0:08:59]} 84. f4 {[%clk 0:03:13]} 84... Rd7 {[%clk 0:07:33]} 85. fxe5 {
[%clk 0:03:18]} 85... d3 {[%clk 0:07:56]} 86. Rf1 {[%clk 0:03:42]} 86... d2 {
[%clk 0:08:11]} 87. Rd1 {[%clk 0:04:07]} 87... Kf7 {[%clk 0:08:30]} 88. Ke3 {
[%clk 0:04:32]} 88... Ke6 {[%clk 0:08:56]} 89. Rxd2 {[%clk 0:04:59]} 89... Rxd2
{[%clk 0:09:21]} 90. Kxd2 {[%clk 0:05:26]} 90... Kxe5 {[%clk 0:09:44]} 1/2-1/2